000 00409cam a2200157ua 4500
041 _aeng
_h
082 _a372.66
_bMIS/CO
100 _aMishra, Sunitha .
245 _aCommunication skills for engineers /
_cSunitha Mishra.
_hTextual Documents
260 _a :
_bPearson Education Asia ,
_c2007.
300 _a252 ; .
504 _a
700 1 _aMuralikrishna, C .
942 _cBK
999 _c13383
_d13383